000 00506nam a2200169 4500
001 119192
003 ES-MaACL
005 20230906191246.0
007 t|
008 070214s1978 sp r ||||1| spa d
100 1 _aPérez Gallego, Cándido.
_9186453
245 1 0 _aNavegar mares prohibidos
_b: dinámica de la literatura norteamericana /
_cCándido Pérez Gállego.
260 _aMadrid :
_bCupsa,
_c1978.
300 _a218 p. ;
_c17 cm.
852 _aES-MaACL
_jA-9684
_bR.98799
999 _c119192
_d119192